01288 2200385 4500001002100000005001500021035002000036007000300056008004100059020004300100020002200143040002200165082001400187084001600201090002000217090002200237090001800259100002900277245019300306250002600499300003700525440003700562650002300599700003400622850001200656504002900668521003200697264003500729336002100764337003000785338002300815999002200838990002200860990002000882INLIS00000000085638520200717094745 a0010-0720000598ta200717t2019 yoia b | ind d a978-623-7370-11-6 (kelas 6 semester 1) a978-623-7370-00-0 aYOPDYOGbinderda04223a268.8 a268.8 ROC l aDEP 268.8 ROC l aCB-D.11 2019-3036 aK 268.8 ROC l0 aRoce Marsaulinaepenulis10aLembar kerja siswa tuhan penjagaku 6 :bpendidikan agama kristen dan budi pekerti kurikulum 2013 edisi revisi 2017 SD kelas 6 (semester 1) /cpenulis, Roce Marsaulina, Dien Sumiyatiningsih aCetakan pertama, 2019 a48 halaman :bilustrasi ;c28 cm aKurikulum 2013 edisi revisi 2017 4aPendidikan Kristen0 aDien Sumiyatiningsihepenulis aYOPDYOG aBibliografi : halaman 43 aUntuk SD kelas 6 semester 131aYogyakarta :bPBMR Andi,c2019 2rdacontentateks 2rdamediaatanpa perantara 2rdacarrieravolume aCB-D.11/2019-3036 aCB-D.11/2019-3036 a66617-PD/A.2020